[Event "Vienna Chess Open 2013"]
[Site "Großer Festsaal im Wiener Rat"]
[Date "2013.08.20"]
[Round "4.32"]
[White "Goepfert, Jakob"]
[Black "Sergeyeva, Mariya"]
[Result "0-1"]
[WhiteElo "2320"]
[BlackElo "2075"]
[PlyCount "70"]
[EventDate "2013.??.??"]

1. d4 Nf6 2. c4 g6 3. Nc3 Bg7 4. e4 d6 5. Be2 O-O 6. h3 Na6 7. Be3 e5 8. Nf3
exd4 9. Bxd4 Re8 10. Nd2 Nc5 11. f3 Ne6 12. Be3 Nh5 13. Nf1 Nhf4 14. Rh2 c6 15.
g3 Nxe2 16. Rxe2 Ng5 17. Rd2 Bxh3 18. Kf2 Be5 19. Ne2 Qf6 20. Nf4 h5 21. Nxh3
Nxe4+ 22. Kg2 Nxd2 23. Nxd2 Bxb2 24. Bg5 Qd4 25. Rb1 d5 26. cxd5 cxd5 27. Ng1
Rac8 28. Qb3 Bc1 29. Qd1 Qc3 30. Ne2 Qe5 31. Nxc1 Qxg5 32. Rxb7 h4 33. Ne2 Qe3
34. Nf4 hxg3 35. Kxg3 Qe5 0-1

[Event "Vienna Chess Open 2013"]
[Site "Großer Festsaal im Wiener Rat"]
[Date "2013.08.20"]
[Round "4.33"]
[White "Koller, Hans-Jürgen"]
[Black "Weinzettl, Ernst"]
[Result "0-1"]
[WhiteElo "2304"]
[BlackElo "2062"]
[PlyCount "76"]
[EventDate "2013.??.??"]

1. g3 d5 2. Bg2 Nc6 3. d4 Bf5 4. Nf3 Nf6 5. O-O e6 6. Bf4 Bd6 7. Ne5 h6 8. Na3
g5 9. Nxc6 bxc6 10. Bxd6 cxd6 11. c3 Qb6 12. Qa4 Ke7 13. b4 a5 14. b5 cxb5 15.
Qxb5 Qxb5 16. Nxb5 a4 17. c4 Ra5 18. Nc3 Rc8 19. c5 dxc5 20. dxc5 Raxc5 21.
Nxa4 Ra5 22. Nb2 Rc2 23. Nd3 Bxd3 24. exd3 Raxa2 25. Rxa2 Rxa2 26. Re1 Rd2 27.
Bf1 Nd7 28. h3 Kd6 29. Ra1 Ne5 30. Ra3 h5 31. Kg2 g4 32. h4 Nf3 33. Ra7 f5 34.
Rh7 Rd1 35. Rxh5 Nd2 36. Be2 Re1 37. Rh8 Rxe2 38. h5 Nf3 0-1

[Event "Vienna Chess Open 2013"]
[Site "Großer Festsaal im Wiener Rat"]
[Date "2013.08.20"]
[Round "4.34"]
[White "Guliyev, Namig"]
[Black "Leitner, Gerald"]
[Result "1-0"]
[WhiteElo "2199"]
[BlackElo "2562"]
[PlyCount "79"]
[EventDate "2013.??.??"]

1. e4 c5 2. Nf3 g6 3. d4 cxd4 4. Nxd4 Bg7 5. Nc3 Nc6 6. Be3 Nf6 7. Nxc6 bxc6 8.
e5 Ng8 9. Bd4 Qa5 10. e6 Nf6 11. exf7+ Kxf7 12. Bc4+ d5 13. Bb3 Rb8 14. O-O Rd8
15. Re1 Bg4 16. f3 Bd7 17. Na4 Ne8 18. c3 e6 19. Nc5 Bf8 20. Nxd7 Rxd7 21. Qe2
Re7 22. Qe5 Rbb7 23. Qh8 e5 24. Bxe5 Ng7 25. Rad1 Re6 26. Qxh7 Rbe7 27. f4 Qb6+
28. Kh1 Qf2 29. c4 Ke8 30. Rf1 Qe2 31. cxd5 Nf5 32. Qh3 Rxe5 33. fxe5 Rxe5 34.
dxc6 Bd6 35. c7 Bxc7 36. Qh8+ Ke7 37. Qh7+ Kf6 38. Qxc7 Kg5 39. Qd8+ Kh5 40.
Qh8+ 1-0

[Event "Vienna Chess Open 2013"]
[Site "Großer Festsaal im Wiener Rat"]
[Date "2013.08.20"]
[Round "4.35"]
[White "Swijsen, Lars"]
[Black "Shchekachev, Andrei"]
[Result "0-1"]
[WhiteElo "2527"]
[BlackElo "2194"]
[PlyCount "124"]
[EventDate "2013.??.??"]

1. Nf3 c5 2. c4 g6 3. Nc3 Bg7 4. e3 Nf6 5. d4 O-O 6. Be2 cxd4 7. exd4 d5 8. O-O
Nc6 9. cxd5 Nxd5 10. Qb3 Nxc3 11. bxc3 b6 12. Be3 Bb7 13. Rfd1 Rc8 14. Rac1 Qd6
15. c4 Na5 16. Qb5 Qa3 17. c5 Qxa2 18. cxb6 Rxc1 19. Rxc1 axb6 20. Qxb6 Qxe2
21. Qxa5 Bxf3 22. Re1 Qd3 23. gxf3 e6 24. Qc5 h6 25. Rc1 Rd8 26. Qe7 Rf8 27.
Qh4 Qb3 28. Bxh6 Bxh6 29. Qxh6 Qxf3 30. Qg5 Ra8 31. Qg2 Qa3 32. Re1 Rd8 33. Qe4
Rd5 34. Rd1 Kg7 35. Qe3 Qd6 36. f4 Rf5 37. Rf1 Qd5 38. Rf2 Qb7 39. Qc3 Kh7 40.
Qe3 Rb5 41. Rf3 Kg8 42. Kg2 Rd5 43. Qc3 Qd7 44. Rd3 Kg7 45. Rh3 Rxd4 46. Rd3 e5
47. Rxd4 Qxd4 48. Qxd4 exd4 49. Kf3 Kf6 50. Ke4 d3 51. Kxd3 Kf5 52. Ke3 Kg4 53.
Ke4 f6 54. f5 g5 55. h3+ Kxh3 56. Kd5 g4 57. Ke6 g3 58. Kxf6 g2 59. Kf7 g1=Q
60. f6 Qg5 61. Ke6 Kh4 62. f7 Qd8 0-1

[Event "Vienna Chess Open 2013"]
[Site "Großer Festsaal im Wiener Rat"]
[Date "2013.08.20"]
[Round "4.36"]
[White "Gräf, Harald"]
[Black "Chatalbashev, Boris"]
[Result "0-1"]
[WhiteElo "2523"]
[BlackElo "2192"]
[PlyCount "58"]
[EventDate "2013.??.??"]

1. e4 g6 2. d4 Bg7 3. Nc3 c6 4. f4 d5 5. e5 Nh6 6. Nf3 Bg4 7. Be3 Qb6 8. Rb1 f6
9. Bf2 Bxf3 10. Qxf3 O-O 11. Bd3 fxe5 12. dxe5 Qb4 13. g3 Bxe5 14. O-O Bg7 15.
Nxd5 cxd5 16. Qxd5+ Kh8 17. a3 Qd6 18. Qxb7 Nc6 19. Be4 Nd4 20. Qb4 Rad8 21.
Kg2 Ng4 22. c3 Nf5 23. Bxf5 gxf5 24. Qxd6 Rxd6 25. h3 Nxf2 26. Rxf2 Bf6 27. Re1
a5 28. a4 Rc8 29. g4 Bh4 0-1

[Event "Vienna Chess Open 2013"]
[Site "Großer Festsaal im Wiener Rat"]
[Date "2013.08.21"]
[Round "5.1"]
[White "Novikov, Stanislav"]
[Black "Dastan, M.Batuhan"]
[Result "1/2-1/2"]
[WhiteElo "2417"]
[BlackElo "2545"]
[PlyCount "83"]
[EventDate "2013.??.??"]

1. e4 e5 2. Nf3 Nc6 3. Bb5 a6 4. Bxc6 dxc6 5. d4 exd4 6. Qxd4 Qxd4 7. Nxd4 Bd7
8. f3 O-O-O 9. Be3 Re8 10. Kf2 Bd6 11. Nd2 c5 12. Ne2 f5 13. Rad1 Nf6 14. Nc4
Bf8 15. e5 Bb5 16. exf6 Bxc4 17. Nc3 gxf6 18. Bf4 Bf7 19. Nd5 c4 20. Nxf6 Bc5+
21. Kg3 Re7 22. Rhe1 Bg6 23. Rxe7 Bxe7 24. Nd5 Bd8 25. Ne3 b5 26. Be5 Rf8 27.
c3 Rf7 28. h3 Rd7 29. Rxd7 Kxd7 30. Kf4 Ke6 31. g3 c6 32. h4 Bb6 33. Nc2 a5 34.
a3 Bc5 35. Nd4+ Bxd4 36. Bxd4 Bh5 37. Bb6 a4 38. Bd4 Kf7 39. Bb6 Kg8 40. g4
fxg4 41. fxg4 Bf7 42. Ke5 1/2-1/2

[Event "Vienna Chess Open 2013"]
[Site "Großer Festsaal im Wiener Rat"]
[Date "2013.08.21"]
[Round "5.2"]
[White "Poetsch, Hagen"]
[Black "Brühl, Andreas"]
[Result "1-0"]
[WhiteElo "2343"]
[BlackElo "2446"]
[PlyCount "63"]
[EventDate "2013.??.??"]

1. e4 e5 2. Nf3 Nc6 3. Bc4 Bc5 4. b4 Bxb4 5. c3 Be7 6. d4 Na5 7. Be2 exd4 8.
Qxd4 Nf6 9. e5 Nc6 10. Qh4 Nd5 11. Qg3 g6 12. O-O d6 13. Rd1 Be6 14. c4 Ndb4
15. Nc3 Qd7 16. Ne4 Bf5 17. exd6 Bxe4 18. dxe7 Qxe7 19. Bb2 O-O 20. Ng5 f6 21.
Bg4 Nd3 22. Be6+ Kh8 23. Rxd3 Bxd3 24. Qxd3 Rad8 25. Qh3 Nd4 26. Ba3 Qg7 27.
Bxf8 Rxf8 28. Nf7+ Rxf7 29. Bxf7 Qxf7 30. Qc8+ Kg7 31. Rd1 c5 32. Qxc5 1-0

[Event "Vienna Chess Open 2013"]
[Site "Großer Festsaal im Wiener Rat"]
[Date "2013.08.21"]
[Round "5.3"]
[White "Moser, Eva"]
[Black "Fier, Alexandr"]
[Result "1/2-1/2"]
[WhiteElo "2595"]
[BlackElo "2433"]
[PlyCount "58"]
[EventDate "2013.??.??"]

1. e4 Nf6 2. e5 Nd5 3. d4 d6 4. c4 Nb6 5. f4 g6 6. Nc3 Bg7 7. Be3 Be6 8. d5 Bf5
9. c5 dxc5 10. Bxc5 O-O 11. Qf3 N8d7 12. Bf2 g5 13. g4 Bg6 14. f5 Nxe5 15. Qe4
e6 16. fxg6 fxg6 17. Bxb6 axb6 18. O-O-O exd5 19. Qxd5+ Qxd5 20. Nxd5 Rxa2 21.
Kb1 Rfa8 22. Nxc7 Nd3 23. Rd2 Ra1+ 24. Kc2 R8a2 25. Nf3 Nxb2 26. Rd8+ Kf7 27.
Rd7+ Kg8 28. Rd8+ Kf7 29. Rd7+ Kg8 1/2-1/2

[Event "Vienna Chess Open 2013"]
[Site "Großer Festsaal im Wiener Rat"]
[Date "2013.08.21"]
[Round "5.4"]
[White "Buhmann, Rainer"]
[Black "Vavulin, Maxim"]
[Result "0-1"]
[WhiteElo "2360"]
[BlackElo "2583"]
[PlyCount "108"]
[EventDate "2013.??.??"]

1. Nf3 Nf6 2. c4 b6 3. Nc3 Bb7 4. d4 e6 5. a3 d5 6. Bg5 Be7 7. Qa4+ c6 8. Bxf6
Bxf6 9. cxd5 exd5 10. g3 O-O 11. Bg2 Nd7 12. O-O Be7 13. Rfd1 f5 14. Ne5 Nxe5
15. dxe5 Qc7 16. f4 b5 17. Qb3 Qb6+ 18. Kh1 Kh8 19. Nb1 Rad8 20. Qf3 d4 21. Nd2
Rd7 22. a4 c5 23. Qb3 Bxg2+ 24. Kxg2 a6 25. axb5 axb5 26. Qa3 d3 27. Nf3 c4 28.
Qa5 Qe3 29. Qe1 d2 30. Qf2 Qe4 31. Kf1 Rfd8 32. Ra7 h6 33. Rxd7 Rxd7 34. e3 Bc5
35. Rxd2 Bxe3 36. Rxd7 Bxf2 37. Kxf2 b4 38. Rd4 Qc6 39. Rd2 c3 40. bxc3 bxc3
41. Rc2 Qc5+ 42. Ke2 Qc4+ 43. Kf2 Qd3 44. Ne1 Qd4+ 45. Kf1 g5 46. fxg5 hxg5 47.
e6 Kg7 48. e7 Kf7 49. Re2 Ke8 50. Kg2 Qd5+ 51. Kf2 Qc5+ 52. Kf3 Qg1 53. Nd3 g4+
54. Kf4 Qf1+ 0-1

[Event "Vienna Chess Open 2013"]
[Site "Großer Festsaal im Wiener Rat"]
[Date "2013.08.21"]
[Round "5.5"]
[White "Pirrot, Dieter"]
[Black "Hawkins, Jonathan"]
[Result "1/2-1/2"]
[WhiteElo "2521"]
[BlackElo "2377"]
[PlyCount "49"]
[EventDate "2013.??.??"]

1. e4 c6 2. d4 d5 3. exd5 cxd5 4. c4 Nf6 5. Nc3 e6 6. Nf3 Bb4 7. cxd5 Nxd5 8.
Qc2 Nc6 9. Bd3 Ba5 10. a3 h6 11. O-O O-O 12. Rd1 Nce7 13. Ne5 Bd7 14. Ne4 Nf5
15. Nxd7 Qxd7 16. Nc5 Qc8 17. Bxf5 exf5 18. Qb3 Rd8 19. Qxb7 Bb6 20. Qxc8 Raxc8
21. Be3 Nxe3 22. fxe3 Re8 23. Kf2 Bxc5 24. dxc5 Rxc5 25. Rac1 1/2-1/2

[Event "Vienna Chess Open 2013"]
[Site "Großer Festsaal im Wiener Rat"]
[Date "2013.08.21"]
[Round "5.6"]
[White "Kuznecov, Mikhail"]
[Black "Krivoborodov, Egor"]
[Result "0-1"]
[WhiteElo "2502"]
[BlackElo "2364"]
[PlyCount "80"]
[EventDate "2013.??.??"]

1. d4 Nf6 2. Nf3 e6 3. Bg5 h6 4. Bxf6 Qxf6 5. Nbd2 g6 6. e3 Bg7 7. Bd3 b6 8.
Be4 c6 9. Bd3 Bb7 10. Qe2 c5 11. c3 O-O 12. h4 Qe7 13. O-O-O Nc6 14. h5 g5 15.
g4 d5 16. Nf1 c4 17. Bc2 b5 18. Ng3 b4 19. Kd2 a5 20. Rb1 a4 21. a3 b3 22. Bd1
f5 23. Re1 Rae8 24. gxf5 exf5 25. Qf1 Qd6 26. Qg2 f4 27. exf4 Qxf4+ 28. Re3 g4
29. Nh4 Nxd4 30. cxd4 Qxd4+ 31. Ke1 Rxe3+ 32. fxe3 Qxe3+ 33. Be2 Bc3+ 34. bxc3
Qxc3+ 35. Kd1 Qc2+ 36. Ke1 Qxb1+ 37. Bd1 Re8+ 38. Ne2 Qe4 39. Qxe4 Rxe4 40. Kd2
d4 0-1

[Event "Vienna Chess Open 2013"]
[Site "Großer Festsaal im Wiener Rat"]
[Date "2013.08.21"]
[Round "5.7"]
[White "Deglmann, Ludwig"]
[Black "Kim, Alexey"]
[Result "0-1"]
[WhiteElo "2477"]
[BlackElo "2332"]
[PlyCount "68"]
[EventDate "2013.??.??"]

1. d4 Nf6 2. c4 d6 3. Nc3 g6 4. e4 Bg7 5. f3 O-O 6. Be3 Nc6 7. Nge2 a6 8. Qd2
Rb8 9. Rc1 Bd7 10. Nd1 Re8 11. Nf2 b5 12. cxb5 axb5 13. g3 Ra8 14. b3 Ra3 15.
Rc2 Qa8 16. Bg2 e6 17. O-O Qa5 18. Qxa5 Rxa5 19. Nd3 Rea8 20. Nec1 Ne8 21. d5
exd5 22. exd5 Nd4 23. Rd2 Nf5 24. Bf2 Bc3 25. Re2 Nf6 26. b4 Ra3 27. Nb3 Rxa2
28. Rxa2 Rxa2 29. Rc1 Nxd5 30. f4 Nfe3 31. Rxc3 Nxg2 32. Rc1 Nge3 33. Re1 Nc2
34. Re4 Kf8 0-1

[Event "Vienna Chess Open 2013"]
[Site "Großer Festsaal im Wiener Rat"]
[Date "2013.08.21"]
[Round "5.8"]
[White "Sergeyeva, Mariya"]
[Black "Akesson, Ralf"]
[Result "1-0"]
[WhiteElo "2455"]
[BlackElo "2320"]
[PlyCount "87"]
[EventDate "2013.??.??"]

1. e4 c5 2. Nf3 e6 3. d4 cxd4 4. Nxd4 a6 5. Nc3 b5 6. Be3 Bb7 7. f3 Nc6 8. Qd2
Nge7 9. O-O-O Nxd4 10. Bxd4 d6 11. g4 Nc6 12. h4 Rc8 13. g5 Qa5 14. Kb1 Nxd4
15. Qxd4 b4 16. Ne2 d5 17. Bh3 Qc7 18. Rd2 Bd6 19. f4 Bxf4 20. Nxf4 Qxf4 21.
exd5 Qxd4 22. Rxd4 O-O 23. dxe6 Bxh1 24. e7 Rce8 25. exf8=Q+ Kxf8 26. b3 a5 27.
Bf5 Re5 28. Bd3 h6 29. g6 fxg6 30. Bxg6 Ke7 31. Rf4 Bd5 32. Kb2 Re3 33. a3
bxa3+ 34. Kxa3 Kd6 35. Ra4 Rg3 36. h5 Rg5 37. Rxa5 Bf3 38. Kb4 Bd1 39. Ra7 Kc6
40. Rf7 Kb6 41. c4 Rg3 42. c5+ Ka6 43. Rd7 Rxb3+ 44. Kc4 1-0

[Event "Vienna Chess Open 2013"]
[Site "Großer Festsaal im Wiener Rat"]
[Date "2013.08.21"]
[Round "5.9"]
[White "Srienz, Christian"]
[Black "Fauland, Alexander"]
[Result "1/2-1/2"]
[WhiteElo "2447"]
[BlackElo "2312"]
[PlyCount "87"]
[EventDate "2013.??.??"]

1. e4 c5 2. Nf3 e6 3. d4 cxd4 4. Nxd4 Nf6 5. Nc3 Nc6 6. Be2 Bb4 7. O-O O-O 8.
Nxc6 bxc6 9. e5 Bxc3 10. bxc3 Nd5 11. Qd3 Qa5 12. Bd2 Nb6 13. Qg3 Kh8 14. Bd3
Ba6 15. Rfe1 Bxd3 16. cxd3 f5 17. Qg5 f4 18. Bxf4 Rf5 19. Qh4 Qxc3 20. Rad1 Nd5
21. Bg3 Qa5 22. Qc4 Rb8 23. Rb1 Rb5 24. h3 Rf8 25. Ra1 Rb4 26. Qc1 h6 27. Kh2
Rfb8 28. Re4 Qa6 29. Rc4 R8b5 30. Bf4 Ne7 31. Bxh6 Rxc4 32. dxc4 Rc5 33. Bxg7+
Kxg7 34. Qg5+ Ng6 35. Rd1 Qc8 36. Qf6+ Kh6 37. Rd4 Rxe5 38. Rg4 Qg8 39. Rxg6+
Qxg6 40. Qh8+ Qh7 41. Qxe5 Qc2 42. Qe3+ Kg6 43. Qxa7 Qxc4 44. Qxd7 1/2-1/2

[Event "Vienna Chess Open 2013"]
[Site "Großer Festsaal im Wiener Rat"]
[Date "2013.08.21"]
[Round "5.10"]
[White "Broekmeulen, Jasper"]
[Black "Semenova, Irina"]
[Result "1-0"]
[WhiteElo "2240"]
[BlackElo "2443"]
[PlyCount "119"]
[EventDate "2013.??.??"]

1. e4 e5 2. Nf3 Nc6 3. Bc4 Nf6 4. Ng5 d5 5. exd5 Na5 6. Bb5+ c6 7. dxc6 bxc6 8.
Bd3 Be7 9. Nc3 Nd5 10. Nf3 Qc7 11. O-O O-O 12. Re1 f6 13. h3 Be6 14. Bf1 Rad8
15. d3 c5 16. Bd2 Nc6 17. a3 Rfe8 18. Rb1 Nb6 19. Ne4 Ba2 20. Ra1 Bf7 21. b3
Nd4 22. Ng3 Qd7 23. Nh2 Nd5 24. Ng4 h5 25. Ne3 Nf4 26. Nc4 h4 27. Bxf4 exf4 28.
Ne2 Bh5 29. Qd2 g5 30. Nxd4 cxd4 31. Re4 Bg6 32. Ree1 Bh5 33. Re4 Bg6 34. Ree1
Bh5 35. Qa5 Rc8 36. Re4 Bg6 37. Ree1 Bh5 38. Qa6 Rc6 39. Qb5 a6 40. Qa4 Qd5 41.
Be2 f3 42. Bxf3 Bxf3 43. gxf3 Kf8 44. Re4 Rb8 45. Rae1 Bd8 46. Rxd4 Qb5 47. Rd7
Rc7 48. Rxc7 Bxc7 49. Qb4+ Qxb4 50. axb4 Rxb4 51. Re6 Bd8 52. Rxa6 Be7 53. Kg2
Kf7 54. f4 Rb8 55. fxg5 Rg8 56. f4 fxg5 57. Ne5+ Kg7 58. Rg6+ Kh7 59. Rxg8 Kxg8
60. fxg5 1-0

[Event "Vienna Chess Open 2013"]
[Site "Großer Festsaal im Wiener Rat"]
[Date "2013.08.21"]
[Round "5.11"]
[White "Drozdowski, Kacper"]
[Black "Lewicki, Miroslaw"]
[Result "1-0"]
[WhiteElo "2188"]
[BlackElo "2437"]
[PlyCount "127"]
[EventDate "2013.??.??"]

1. e4 c5 2. Nf3 d6 3. d4 cxd4 4. Qxd4 Nc6 5. Bb5 Bd7 6. Bxc6 Bxc6 7. Nc3 Nf6 8.
Bg5 e6 9. O-O-O Be7 10. Qd3 Qa5 11. h4 h6 12. Bd2 Ng4 13. Qe2 Bf6 14. Ne1 h5
15. a3 Bd4 16. Nd5 Qd8 17. Bg5 Bf6 18. Nxf6+ gxf6 19. Bd2 Qb6 20. f4 Qd4 21.
Bb4 Qxe4 22. Qxe4 Bxe4 23. Rxd6 O-O 24. Nf3 Rfc8 25. Bc3 Rc5 26. Re1 Rd5 27.
Rxd5 Bxd5 28. Re2 Rd8 29. b3 Kh7 30. Nd2 Kg6 31. Nf1 e5 32. Bd2 Bc6 33. Ng3
exf4 34. Bxf4 Re8 35. Rxe8 Bxe8 36. Ne2 Bc6 37. Bb8 a6 38. Nf4+ Kf5 39. g3 Nf2
40. Nxh5 Ne4 41. Bc7 Nc5 42. Kd2 Ne6 43. Bb8 Bf3 44. Nf4 Kg4 45. Nd3 Kf5 46.
Ke3 Bd1 47. Kd2 Bf3 48. Nf2 Bc6 49. Ke3 Kg6 50. Bf4 f5 51. Nd3 f6 52. Bd6 Kf7
53. Nf4 Be4 54. c3 Bc2 55. b4 Bd1 56. Nd5 Bb3 57. Nc7 Bd1 58. Bf4 Nf8 59. Kd4
Nd7 60. c4 Bf3 61. a4 Ke7 62. a5 Kd8 63. Nd5 Be2 64. Ne3 1-0

[Event "Vienna Chess Open 2013"]
[Site "Großer Festsaal im Wiener Rat"]
[Date "2013.08.21"]
[Round "5.12"]
[White "Weinzettl, Ernst"]
[Black "Fröwis, Georg"]
[Result "1/2-1/2"]
[WhiteElo "2432"]
[BlackElo "2304"]
[PlyCount "42"]
[EventDate "2013.??.??"]

1. e4 d5 2. exd5 Qxd5 3. Nc3 Qd6 4. d4 Nf6 5. Nf3 Nc6 6. Be2 Bg4 7. O-O O-O-O
8. Nb5 Qd7 9. c3 a6 10. Na3 e5 11. Nxe5 Nxe5 12. dxe5 Qf5 13. Bd2 Bxa3 14. exf6
Bxe2 15. Qxe2 Bxb2 16. Rab1 Ba3 17. fxg7 Rhg8 18. Rb3 Rxg7 19. Rxa3 Rxd2 20.
Qxd2 Rxg2+ 21. Kxg2 Qg4+ 1/2-1/2

[Event "Vienna Chess Open 2013"]
[Site "Großer Festsaal im Wiener Rat"]
[Date "2013.08.21"]
[Round "5.13"]
[White "Kostic, Vladimir"]
[Black "Lucaci, Marius"]
[Result "1-0"]
[WhiteElo "2161"]
[BlackElo "2430"]
[PlyCount "95"]
[EventDate "2013.??.??"]

1. Nf3 Nf6 2. c4 c6 3. d4 d5 4. e3 e6 5. Bd3 Bd6 6. b3 O-O 7. Bb2 Nbd7 8. Qc2
Re8 9. Nbd2 e5 10. cxd5 cxd5 11. dxe5 Nxe5 12. Nxe5 Bxe5 13. Bxe5 Rxe5 14. Nf3
Rh5 15. Rc1 Qe8 16. Qc7 b6 17. O-O Bg4 18. Nd4 Bd7 19. Qf4 Ne4 20. Rfd1 Rh6 21.
Qc7 Rc8 22. Qxa7 Ra8 23. Qb7 Rxa2 24. Bxe4 dxe4 25. Nb5 Bg4 26. Qxe4 Re6 27.
Qxg4 Qxb5 28. Rd8+ Re8 29. Qf5 Qc6 30. Rc8 g6 31. R8xc6 gxf5 32. Rxb6 f4 33.
exf4 Ree2 34. Rf1 Reb2 35. g3 Kg7 36. Kg2 Ra3 37. b4 Rab3 38. b5 Rxb5 39. Rxb5
Rxb5 40. Rc1 Rb2 41. g4 Ra2 42. Rc6 Ra4 43. Kg3 Rb4 44. g5 Rb1 45. h4 Rh1 46.
f5 Rg1+ 47. Kf3 Rh1 48. Kg4 1-0

[Event "Vienna Chess Open 2013"]
[Site "Großer Festsaal im Wiener Rat"]
[Date "2013.08.21"]
[Round "5.14"]
[White "Visser, Henk-Jan"]
[Black "Manik, Mikulas"]
[Result "1/2-1/2"]
[WhiteElo "2413"]
[BlackElo "2262"]
[PlyCount "70"]
[EventDate "2013.??.??"]

1. e4 c5 2. Nf3 d6 3. d4 cxd4 4. Nxd4 Nf6 5. Nc3 a6 6. Be3 e5 7. Nb3 Be6 8. f3
h5 9. Qd2 Nbd7 10. O-O-O Rc8 11. Kb1 Qc7 12. h3 b5 13. Bd3 h4 14. f4 Nb6 15.
Bxb6 Qxb6 16. Nd5 Nxd5 17. exd5 Bd7 18. Rhe1 Qc7 19. fxe5 dxe5 20. Qg5 f6 21.
Qg6+ Kd8 22. d6 Qb6 23. Rxe5 Rc6 24. Rd5 Be6 25. d7 Be7 26. Rd4 Bxb3 27. Rxh4
Rf8 28. axb3 f5 29. Qxg7 Rg6 30. Qh7 Bxh4 31. Qxh4+ Qf6 32. Qf4 Qd6 33. Qf3 Qc6
34. Qf4 Qd6 35. Qf3 Qc6 1/2-1/2

[Event "Vienna Chess Open 2013"]
[Site "Großer Festsaal im Wiener Rat"]
[Date "2013.08.21"]
[Round "5.15"]
[White "Nuri, Kambez"]
[Black "Manea, Alexandru"]
[Result "0-1"]
[WhiteElo "2390"]
[BlackElo "2244"]
[PlyCount "52"]
[EventDate "2013.??.??"]

1. e4 c5 2. Nc3 e6 3. Nge2 a6 4. g3 h5 5. h4 Nc6 6. Bg2 Qc7 7. O-O Nf6 8. a4
Rb8 9. d4 cxd4 10. Nxd4 d6 11. Re1 Be7 12. Nxc6 bxc6 13. e5 dxe5 14. Rxe5 Qxe5
15. Bf4 Qc5 16. Bxb8 O-O 17. Qe2 Ng4 18. Bc7 Qa7 19. Ba5 Nxf2 20. Qxh5 Ng4+ 21.
Kh1 e5 22. Be4 g6 23. Bxg6 fxg6 24. Qxg6+ Kh8 25. Ne4 Bf5 26. Qh5+ Kg7 0-1

[Event "Vienna Chess Open 2013"]
[Site "Großer Festsaal im Wiener Rat"]
[Date "2013.08.21"]
[Round "5.16"]
[White "Sokolov, Ivan"]
[Black "Quaranta, Cristiano"]
[Result "1-0"]
[WhiteElo "2151"]
[BlackElo "2656"]
[PlyCount "29"]
[EventDate "2013.??.??"]

1. d4 d5 2. c4 c6 3. Nc3 Nf6 4. e3 Bf5 5. cxd5 cxd5 6. Qb3 Qd7 7. Nf3 e6 8. Ne5
Qc7 9. Bb5+ Nfd7 10. e4 Bxe4 11. Bf4 Bd6 12. Nxe4 dxe4 13. Rc1 Nc6 14. Bxc6
bxc6 15. Rxc6 1-0

[Event "Vienna Chess Open 2013"]
[Site "Großer Festsaal im Wiener Rat"]
[Date "2013.08.21"]
[Round "5.17"]
[White "MINKO, VLADIMIR."]
[Black "Shengelia, David"]
[Result "1/2-1/2"]
[WhiteElo "2565"]
[BlackElo "2287"]
[PlyCount "80"]
[EventDate "2013.??.??"]

1. d4 Nf6 2. g3 d5 3. Bg2 b5 4. Nf3 e6 5. O-O c5 6. dxc5 Bxc5 7. b3 Bb7 8. Bb2
Nbd7 9. Nbd2 Qb6 10. Ne1 Rc8 11. Nd3 Bd6 12. a4 a6 13. Rb1 b4 14. Re1 Ne4 15.
Bxg7 Rg8 16. Bb2 Qc7 17. e3 Qxc2 18. Nc4 Rxc4 19. bxc4 Qxd1 20. Rexd1 dxc4 21.
Nxb4 Bxb4 22. Ba3 Bxa3 23. Rxd7 Kxd7 24. Rxb7+ Kc8 25. Bxe4 f5 26. Bf3 c3 27.
Rb6 Kd7 28. Rc6 Bb2 29. Kf1 e5 30. Rc4 e4 31. Bd1 Kd6 32. h3 Rb8 33. g4 fxg4
34. hxg4 Ba1 35. Ke1 Rb1 36. Ke2 Kd5 37. Rc8 h6 38. Rd8+ Kc5 39. Rc8+ Kd5 40.
Rd8+ Kc5 1/2-1/2

[Event "Vienna Chess Open 2013"]
[Site "Großer Festsaal im Wiener Rat"]
[Date "2013.08.21"]
[Round "5.18"]
[White "Guliyev, Namig"]
[Black "Krklec, Daniel"]
[Result "1-0"]
[WhiteElo "2287"]
[BlackElo "2562"]
[PlyCount "47"]
[EventDate "2013.??.??"]

1. e4 Nf6 2. e5 Nd5 3. d4 d6 4. Nf3 Bg4 5. Be2 Nc6 6. O-O dxe5 7. dxe5 e6 8. h3
Bh5 9. c4 Nb6 10. Nbd2 Be7 11. b3 Nd4 12. Bb2 Nxe2+ 13. Qxe2 O-O 14. Ne4 Nd7
15. Rad1 Qe8 16. Qe3 a6 17. Rd2 Rd8 18. Rfd1 Nb6 19. Nf6+ Bxf6 20. exf6 Rxd2
21. Rxd2 Qc8 22. Qg5 Bg6 23. fxg7 Re8 24. Ne5 1-0

[Event "Vienna Chess Open 2013"]
[Site "Großer Festsaal im Wiener Rat"]
[Date "2013.08.21"]
[Round "5.19"]
[White "Shchekachev, Andrei"]
[Black "Wolfram, Bernd"]
[Result "1-0"]
[WhiteElo "2263"]
[BlackElo "2527"]
[PlyCount "69"]
[EventDate "2013.??.??"]

1. e4 c5 2. Nf3 Nc6 3. d4 cxd4 4. Nxd4 g6 5. c4 Nf6 6. Nc3 Nxd4 7. Qxd4 d6 8.
f3 Bg7 9. Be3 O-O 10. Qd2 Qa5 11. Rc1 Be6 12. b3 Rfc8 13. Bd3 a6 14. Ne2 Qd8
15. Nf4 Bd7 16. O-O b5 17. Rfd1 Rab8 18. Kh1 Bc6 19. Bf1 Nd7 20. Nd5 Bxd5 21.
cxd5 Nc5 22. g3 b4 23. Rc4 Bc3 24. Qc2 a5 25. a4 Qf8 26. Bxc5 dxc5 27. Bh3 Rc7
28. Qf2 Qg7 29. f4 g5 30. e5 g4 31. Bg2 Rbc8 32. d6 exd6 33. exd6 Rd7 34. Rxc5
Rcd8 35. Rg5 1-0

[Event "Vienna Chess Open 2013"]
[Site "Großer Festsaal im Wiener Rat"]
[Date "2013.08.21"]
[Round "5.20"]
[White "Chatalbashev, Boris"]
[Black "Maurer, Jochen"]
[Result "1-0"]
[WhiteElo "2257"]
[BlackElo "2523"]
[PlyCount "59"]
[EventDate "2013.??.??"]

1. d4 Nf6 2. c4 g6 3. Nc3 Bg7 4. e4 d6 5. Be2 O-O 6. Be3 Na6 7. Nf3 e5 8. O-O
exd4 9. Nxd4 Re8 10. f3 c6 11. Qd2 Nc7 12. Rad1 Qe7 13. Bg5 d5 14. cxd5 cxd5
15. exd5 Qc5 16. Bxf6 Bxf6 17. Ne4 Qb6 18. d6 Rxe4 19. fxe4 Qxd6 20. Bc4 Bg4
21. Bxf7+ Kxf7 22. Rxf6+ Kxf6 23. Qf2+ Ke7 24. Nf5+ gxf5 25. Rxd6 Kxd6 26. exf5
Bh5 27. Qd2+ Nd5 28. Qh6+ Kc5 29. Qxh5 Rg8 30. Qxh7 1-0

[Event "Vienna Chess Open 2013"]
[Site "Großer Festsaal im Wiener Rat"]
[Date "2013.08.21"]
[Round "5.21"]
[White "Stanec, Nikolaus"]
[Black "Rolle, Eric"]
[Result "1-0"]
[WhiteElo "2253"]
[BlackElo "2516"]
[PlyCount "121"]
[EventDate "2013.??.??"]

1. g3 Nf6 2. Bg2 d5 3. Nf3 c6 4. d3 Bg4 5. h3 Bh5 6. g4 Bg6 7. Nh4 e5 8. e3
Nfd7 9. Nxg6 hxg6 10. Nd2 Nc5 11. Qe2 Nbd7 12. b3 Ne6 13. Bb2 Bd6 14. a3 a5 15.
c3 Qe7 16. d4 exd4 17. cxd4 g5 18. Nf3 Ndf8 19. Qc2 Nf4 20. Bf1 N4g6 21. Be2
Nh4 22. Nxh4 Rxh4 23. Bd3 Rh6 24. Kf1 Re6 25. Kg2 Ng6 26. Bxg6 Rxg6 27. a4 Kd7
28. Bc3 Rf6 29. Rae1 Re6 30. Qd3 Bc7 31. Rb1 Bd6 32. Qd2 Bb4 33. Bxb4 axb4 34.
Rbc1 Rf6 35. Qd3 Re8 36. a5 Ra8 37. Ra1 Ra6 38. Ra4 g6 39. Rc1 Re6 40. Rc5 Kc7
41. Rxb4 Re4 42. Rb6 Rxb6 43. axb6+ Kxb6 44. Qc3 Kc7 45. Qa5+ Kb8 46. Qa1 f5
47. Ra5 fxg4 48. Ra8+ Kc7 49. Qa5+ Kd7 50. hxg4 Rxg4+ 51. Kf1 Rh4 52. Qa7 Ke6
53. Qb8 Kf5 54. Qc8+ Kf6 55. Qg8 g4 56. Rf8+ Kg5 57. Re8 Qf6 58. Rf8 Qd6 59.
Qf7 c5 60. Qf4+ Qxf4 61. exf4+ 1-0

[Event "Vienna Chess Open 2013"]
[Site "Großer Festsaal im Wiener Rat"]
[Date "2013.08.21"]
[Round "5.22"]
[White "Hertneck, Gerald"]
[Black "Menezes, Christoph"]
[Result "1-0"]
[WhiteElo "2251"]
[BlackElo "2499"]
[PlyCount "61"]
[EventDate "2013.??.??"]

1. b3 d5 2. Bb2 Bg4 3. f4 e6 4. Nf3 Nd7 5. e3 Ngf6 6. Be2 Bd6 7. Ne5 Bxe2 8.
Qxe2 Bxe5 9. fxe5 Ne4 10. O-O f5 11. exf6 Nexf6 12. Bxf6 Nxf6 13. Qb5+ Qd7 14.
Qxb7 O-O 15. Nc3 a6 16. Qb4 e5 17. Rf3 Rf7 18. Raf1 Raf8 19. Ne2 Qe6 20. Ng3
Qc6 21. c3 Qb5 22. Qa3 c5 23. Qc1 e4 24. R3f2 c4 25. Nf5 Nd7 26. Qa3 cxb3 27.
axb3 Kh8 28. c4 dxc4 29. Nd4 Qd5 30. Qxf8+ Nxf8 31. Rxf7 1-0